000 00710nam a2200217Ii 4500
003 JO-AjNU
008 230605s9999||||xx |||||||||||||| ||und||
017 _a2002/11240
020 _a977-01-7882-9
040 _aJO-AjNU
_bara
_erda
_cJO-AjNU
041 _aara
050 1 4 _aQH442.2.H8512 2002
100 3 _aنسبوم ، مارتاسي,
_eauthor
_915848
245 0 0 _aاسنساخ الانسان :الحقائق والاوهام
264 3 1 _aعمان:مكتبة الاسرة ، 2002
300 _a368ص
336 _atext
_btxt
_2rdacontent
337 _aunmediated
_bn
_2rdamedia
338 _avolume
_bnc
_2rdacarrier
650 4 _aالاستنساخ الجيني-الهندسة الوراثية
_915849
999 _aA4570
_c8138
_d8138